[Event "FIDE Chesscom Grand Swiss 2021"]
[Site "Riga"]
[Date "2021.11.06"]
[Round "10.3"]
[White "Vitiugov, Nikita"]
[Black "Oparin, Grigoriy"]
[Result "0-1"]
[WhiteElo "2727"]
[BlackElo "2654"]
[Annotator "TA"]
[PlyCount "92"]
[EventDate "2021.10.27"]
[EventType "swiss"]
[EventCountry "LAT"]
[Tiebreak "Cut1 Buchholz+Sonneborn-Berger (Swiss)"]
[SourceTitle "playchess.com"]
[Source "ChessBase"]
[SourceQuality "1"]

{[%evp 16,92,-37,-59,26,24,26,10,47,35,56,-16,0,0,0,0,0,0,0,0,0,0,0,-42,-20,
-18,-15,-51,-23,-106,-45,-47,-43,-84,-70,-53,-74,-56,-61,-172,-176,-193,-207,
-210,-215,-352,-332,-353,-296,-341,-336,-316,-331,-326,-326,-293,-303,-377,
-343,-497,-505,-851,-826,-785,-785,-1344,-1035,-1968,-1872,-12841,-12842,
-12843,-12843,-29983,-29984,-29984,-29985,-29984,-12847]} 1. d4 Nf6 2. c4 e6 3.
Nc3 Bb4 4. a3 Bxc3+ 5. bxc3 c5 6. f3 Nc6 7. e4 d6 8. Be3 b6 9. Bd3 e5 {9...0-0
is not played anymore. E24: Nimzo-Indian: Sämisch: Unusual Black 5th moves and
5...c5 sidelines.} ({Black should try} 9... O-O $15) 10. d5 $11 Na5 11. Ne2 {
[#]} Kd7 $146 {The position is equal.} ({Predecessor:} 11... Ba6 12. Ng3 Qd7
13. Qe2 O-O-O 14. a4 Rdg8 15. h4 g6 16. Kd1 Nh5 17. Nf1 f5 {0-1 (39) Ang,A 
(2195)-Winkelman,A (2283) Melbourne 2019}) 12. O-O Kc7 13. f4 (13. Qc2 $14)
13... Ng4 14. Bd2 exf4 15. Bxf4 {Threatens to win with h3.} f6 16. Nd4 {
aiming for Nb5+.} Ne5 (16... cxd4 $6 17. cxd4 Nb7 18. c5 $16 (18. Qa4 g5 $14))
17. Nb5+ Kb7 18. Bxe5 dxe5 19. d6 Rb8 20. Be2 Be6 21. Nc7 Bf7 ({Avoid the trap
} 21... Bxc4 $2 22. Bxc4 Nxc4 23. Qd5+ Kc8 24. Qxc4 $18) 22. Rb1 (22. Rf3 $11)
22... Qd7 (22... Nxc4 $17 23. Bxc4 (23. Qa4 Nxd6 24. Nd5 Bxd5 $17) 23... Bxc4)
23. Bg4 $15 Qc6 24. Be6 Bxe6 25. Nxe6 Nxc4 {[%mdl 64] Double Attack} 26. Qg4
Rhg8 27. d7 {[#] Black converts the advantage convincingly.} (27. Rfd1 $1 $15)
27... Ne3 $1 $19 {[%cal Re3g4][%mdl 64] Double Attack} 28. Qh3 Nxf1 29. Rxf1
Qxe4 30. Qh5 {[#]} (30. Rd1 $142) 30... Rgd8 $1 31. Rd1 {If only White now had
time for Qf7....} g6 32. Qxh7 {[#] Strongly threatening Qe7.} Qe2 $1 {[%cal
Re2d1]} 33. Rb1 {Hoping for Qe7.} Qc2 {[%mdl 64] Double Attack} 34. Rf1 {
Black must now prevent Qe7.} Qd3 ({Not} 34... Qxc3 35. Qe7 $11) 35. Nxd8+ Rxd8
{[%mdl 4096] Endgame KQR-KQR} 36. Qe7 Rxd7 37. Qxf6 (37. Qe6 $142) 37... Qxc3
38. Qxg6 (38. Qf3+ $142 Qxf3 39. Rxf3) 38... Qe3+ 39. Kh1 c4 40. Qe6 Qd3 {
[%cal Rd3f1]} 41. Kg1 c3 42. Qxe5 c2 43. Rc1 Qd1+ {[%mdl 64] Double Attack} 44.
Kf2 Qd2+ {Black mates.} 45. Kg3 Rd3+ 46. Kh4 Qxg2 {[%csl Gg2][%cal Rd3h3]
Weighted Error Value: White=1.04/Black=0.10} 0-1

[Event "FIDE Chesscom Grand Swiss 2021"]
[Site "Riga"]
[Date "2021.11.06"]
[Round "10.4"]
[White "Shirov, Alexei"]
[Black "Yu, Yangyi"]
[Result "1/2-1/2"]
[WhiteElo "2659"]
[BlackElo "2704"]
[Annotator "TA"]
[PlyCount "128"]
[EventDate "2021.10.27"]
[EventType "swiss"]
[EventCountry "LAT"]
[Tiebreak "Cut1 Buchholz+Sonneborn-Berger (Swiss)"]
[SourceTitle "playchess.com"]
[Source "ChessBase"]
[SourceQuality "1"]

{[%evp 9,128,0,0,-4,29,16,26,16,22,20,15,16,17,29,18,20,16,12,40,42,49,32,39,
27,42,24,45,0,36,12,10,19,23,26,47,33,45,48,39,8,0,0,18,0,36,37,58,49,86,45,35,
29,22,0,0,0,47,0,0,0,63,-46,-47,-46,-46,-47,-47,-47,-47,-40,0,-88,-51,-177,
-179,-159,-135,-131,-132,-206,-183,-191,-190,-153,-96,-118,0,-125,-118,-104,
-76,-76,-70,-73,-103,-99,-66,-64,-39,-40,-51,-64,-54,-57,-64,-64,-64,-65,-4,-4,
0,0,0,0,0,0,0,0,3,0,3]} 1. e4 c5 2. Nc3 d6 3. d4 cxd4 4. Qxd4 Nc6 5. Qd2 Nf6 6.
b3 {B23: Closed Sicilian: Lines without g3.} e5 7. Bb2 Be7 8. g3 {[#] White
has an edge.} Nd4 $146 ({Predecessor:} 8... O-O 9. Bg2 Nd4 10. Nge2 Nxe2 11.
Qxe2 Bg4 12. Qd3 Rc8 13. O-O Qc7 14. a4 Qc5 {1-0 (41) Fedoseev,V (2706)-Najer,
E (2667) Sochi 2018}) 9. Bg2 b5 10. Nge2 Nxe2 11. Qxe2 b4 12. Nd1 {[%cal Bc3d1,
Bd1e3,Be3f5][%mdl 32]} a5 13. Ne3 O-O 14. a4 Ba6 15. Qd2 Bb7 16. f3 Qc7 17.
O-O-O Rfd8 18. Nf5 Rac8 19. Bh3 Bf8 {And now ...d5 would win.} 20. Ne3 Ra8 21.
Kb1 g6 22. Rhe1 Bh6 23. Qe2 Ba6 24. Qg2 Bxe3 25. Rxe3 d5 26. Ree1 (26. exd5
Nxd5 27. Ree1 Nc3+ 28. Bxc3 Qxc3 $17) 26... dxe4 27. f4 Bb7 28. Bxe5 Qe7 29.
Kc1 Rxd1+ 30. Rxd1 Nd5 31. Qd2 (31. Qxe4 Nc3 $17) 31... e3 32. Qd3 Rd8 {
[#] Strongly threatening ...e2!} (32... f6 $5 {[%cal Rf6e5]} 33. Bb2 Rd8 $11)
33. Bg4 f6 34. Bb2 Rd6 (34... Kg7 $11 35. Be2 h5) 35. Bf3 (35. Qc4 $1 $14)
35... Kg7 $15 36. Bxd5 Rxd5 37. Qe2 {Threatens to win with Rxd5.} Rxd1+ 38.
Kxd1 {Threatening Bd4.} Qe4 39. Kc1 Ba6 40. Qd1 (40. Bxf6+ $1 $11 {keeps the
balance.} Kg8 41. Qxa6) 40... Qe7 (40... e2 $6 41. Qd7+ Kf8 42. Qd8+ Kf7 43.
Qd7+ (43. Qxf6+ Ke8 $11) 43... Kg8 44. Qd8+ Kf7 45. Qd7+ (45. Qxf6+ Ke8 $11)
45... Kg8 46. Qd8+ Kf7 $11) 41. Bd4 (41. Qg1 $1 $15) 41... e2 $19 42. Qe1 Qe4
43. Bf2 {[#]} Bc8 $1 44. Kd2 (44. Qd2 $17) 44... Bg4 45. h3 Qd5+ ({Weaker is} 
45... Bxh3 46. Qxe2 Qc6 47. Kc1 $11) 46. Ke3 Qe6+ (46... Bf3 $142 {aiming for .
..h5.} 47. c4 Qe4+ 48. Kd2 h5) 47. Kd2 $17 Qd5+ ({Much weaker is} 47... Bxh3 $6
48. Qxe2 Qc6 49. Qe7+ Kh6 50. Bd4 $11) 48. Ke3 $1 Bf5 {( -> ...Qe4+)} 49. Kxe2
Qe4+ 50. Be3 Qxc2+ 51. Qd2 Qxb3 52. g4 Be6 ({Don't play} 52... Qxa4 $6 53. gxf5
gxf5 54. Qd3 $11) 53. Qd6 Qc4+ 54. Kf2 Qa2+ 55. Kg3 Qd5 56. Qe7+ Bf7 57. g5 Qe6
58. gxf6+ Qxf6 ({Better is} 58... Kg8 $1 $15) 59. Qc5 $132 {[%mdl 2048] Black
must now prevent Bd4! White puts up resistance. The position is equal.} Qf5 60.
Qxf5 gxf5 61. Bb6 Kf6 62. Bxa5 b3 63. Bc3+ Ke6 64. Kh4 h6 {Black had all
chances to win.  Weighted Error Value: White=0.14/Black=0.14} 1/2-1/2

[Event "FIDE Chesscom Grand Swiss 2021"]
[Site "Riga"]
[Date "2021.11.06"]
[Round "10.5"]
[White "Predke, Alexandr"]
[Black "Anton Guijarro, David"]
[Result "1/2-1/2"]
[WhiteElo "2666"]
[BlackElo "2658"]
[Annotator "TA"]
[PlyCount "84"]
[EventDate "2021.10.27"]
[EventType "swiss"]
[EventCountry "LAT"]
[Tiebreak "Cut1 Buchholz+Sonneborn-Berger (Swiss)"]
[SourceTitle "playchess.com"]
[Source "ChessBase"]
[SourceQuality "1"]

{[%evp 9,84,18,33,13,19,20,37,26,43,12,28,16,24,25,27,10,9,10,16,20,17,0,0,0,0,
0,0,0,0,0,0,0,14,8,10,0,0,0,0,0,0,0,0,0,0,0,0,-8,0,-6,0,-10,0,-8,-8,-8,-8,-8,
-2,-14,0,0,0,0,0,-8,-8,-8,0,-8,-8,-8,-8,-8,-8,-8,-8]} 1. d4 Nf6 2. c4 e6 3. Nc3
d5 4. Bg5 dxc4 5. e3 c5 6. Bxf6 {D50: Queen's Gambit Declined: Dutch-Peruvian
Gambit.} Qxf6 7. d5 a6 8. Nf3 {[#] White is slightly better.} Nd7 $146 ({
Predecessor:} 8... b5 9. a4 b4 10. Ne4 Qf5 11. dxe6 Bxe6 12. Nfd2 c3 13. bxc3
Be7 14. Bd3 O-O {0-1 (61) Plazuelo Pascual,J (2455)-Anton Guijarro,D (2659)
Linares 2021}) 9. dxe6 Qxe6 10. Qa4 Rb8 {With the idea ...b5.} 11. Bxc4 Qf6 {
[#] Hoping for ...b5.} 12. Be2 b5 {The position is equal.} 13. Qe4+ Be7 14. Nd5
Qd6 15. a4 (15. Nxe7 {keeps more tension.} Qxe7 16. Qf4 O-O 17. O-O Rb6 18.
Rac1) 15... bxa4 16. Nxe7 Qxe7 17. Qxa4 Rxb2 18. Bxa6 O-O 19. O-O Nf6 20. Qa3
Rb6 21. Bxc8 Rxc8 22. Rac1 Ne4 23. Rfd1 Rd6 24. Rxd6 Qxd6 25. Qa4 Qd5 (25...
Rd8 {seems wilder.} 26. Qb3 Qf6 27. h3 g6 28. Qc2 Qe6) 26. Qc4 Qxc4 (26... Qf5
{feels hotter.} 27. Qd3 h6 28. h3 Ra8 29. Qb3 g6) 27. Rxc4 $11 {[%mdl 4096]
Endgame KRN-KRN} f5 (27... Rb8 {looks sharper.} 28. g3 f5 29. Nh4 Rb1+ 30. Kg2
g6) 28. Kf1 Kf7 29. Rc2 Ke6 30. Nd2 Kd5 31. Nc4 {[#] And now Nb6+ would win.}
Rb8 32. f3 Nd6 33. Nxd6 Kxd6 {KR-KR} 34. Ke2 g5 35. e4 fxe4 36. fxe4 Rb5 37.
Rd2+ Ke5 38. Rd5+ Kf4 39. Rf5+ Kxe4 40. Rxg5 Rb2+ 41. Kd1 c4 42. Rh5 Rxg2 {
Weighted Error Value: White=0.05/Black=0.03} 1/2-1/2

[Event "FIDE Chesscom Grand Swiss 2021"]
[Site "Riga"]
[Date "2021.11.06"]
[Round "10.7"]
[White "Esipenko, Andrey"]
[Black "Sasikiran, Krishnan"]
[Result "1-0"]
[WhiteElo "2720"]
[BlackElo "2640"]
[Annotator "TA"]
[PlyCount "71"]
[EventDate "2021.10.27"]
[EventType "swiss"]
[EventCountry "LAT"]
[Tiebreak "Cut1 Buchholz+Sonneborn-Berger (Swiss)"]
[SourceTitle "playchess.com"]
[Source "ChessBase"]
[SourceQuality "1"]

{[%evp 9,71,0,14,4,27,1,19,19,24,22,44,47,54,45,51,42,52,46,58,34,39,35,76,72,
79,77,100,61,89,84,103,98,108,105,116,125,131,95,115,116,131,100,148,147,237,
243,236,210,238,227,216,227,260,261,258,252,470,329,525,528,1223,1188,2784,
2230]} 1. d4 Nf6 2. c4 e6 3. Nf3 d5 4. Nc3 Bb4 5. cxd5 exd5 6. Bf4 {D38:
Queen's Gambit Declined: Ragozin Defence (4 Nf3 Bb4).} O-O 7. e3 c6 8. Bd3 {
The position is equal.} Bg4 9. Qb3 Qb6 10. Ne5 {[#]} Be6 $146 ({Predecessor:} 
10... Bh5 11. O-O Be7 12. Qc2 Bg6 13. Nxg6 hxg6 14. Na4 Qd8 15. Nc5 Bxc5 16.
Qxc5 Nbd7 {1-0 (33) Tran,T (2526)-Nguyen,V (2456) Ho Chi Minh City 2019}) 11.
O-O {[#] Na4 is the strong threat.} Be7 12. Qc2 Nbd7 13. h3 g6 14. Bg5 Rfe8 15.
f4 Nxe5 16. fxe5 Nd7 17. Bxe7 Rxe7 18. Na4 Qd8 19. Rf4 Rc8 20. Qf2 c5 21. Rf1
cxd4 22. exd4 Nf8 23. Nc5 Qe8 24. h4 b6 25. Nb3 Bd7 26. h5 Bb5 (26... Ne6 $16 {
might work better.}) 27. Bxb5 $18 Qxb5 28. Rxf7 Qxf1+ 29. Qxf1 Rxf7 30. Qb5 Rd8
31. h6 Ne6 32. Qc6 Nf4 (32... Re7 {was worth a try.} 33. a4 Nf8) 33. Kh2 Rdf8 (
33... Ne2 $142 34. e6 Re7) 34. g3 {White is clearly winning.} Ne2 {[#]
Strongly threatening ...Rf2+.} 35. Qxd5 Kh8 36. e6 {Weighted Error Value:
White=0.11/Black=0.32} 1-0

[Event "FIDE Chesscom Grand Swiss 2021"]
[Site "Riga"]
[Date "2021.11.06"]
[Round "10.8"]
[White "Sjugirov, Sanan"]
[Black "Harikrishna, Pentala"]
[Result "1/2-1/2"]
[WhiteElo "2663"]
[BlackElo "2719"]
[Annotator "TA"]
[PlyCount "71"]
[EventDate "2021.10.27"]
[EventType "swiss"]
[EventCountry "LAT"]
[Tiebreak "Cut1 Buchholz+Sonneborn-Berger (Swiss)"]
[SourceTitle "playchess.com"]
[Source "ChessBase"]
[SourceQuality "1"]

{[%evp 15,71,14,22,20,25,20,20,16,16,16,25,4,22,0,0,6,5,0,0,-17,0,-12,27,14,39,
27,28,26,60,62,76,19,19,15,17,17,21,16,44,13,13,17,11,0,0,0,0,0,0,0,0,0,0,0,0,
0,0,0]} 1. e4 e5 2. Nf3 Nc6 3. Bb5 a6 4. Ba4 Nf6 5. O-O Be7 6. d3 b5 7. Bb3 d6
8. a4 Bd7 $1 {The main line 8...Bd7 scores better than 8...b4.} 9. c3 {C84:
Closed Ruy Lopez: Unusual White 6th moves.} O-O 10. Bc2 Re8 11. Re1 h6 12. Nbd2
{[%cal Bb1d2,Bd2f1,Bf1g3][%mdl 32]} b4 13. Nf1 Bf8 14. Ng3 {[#]} Rb8 $146 ({
Predecessor:} 14... bxc3 15. bxc3 d5 16. exd5 Nxd5 17. Bd2 Rb8 18. a5 Nf6 19.
Ba4 Bd6 20. h3 Na7 {1-0 (43) So,W (2772)-Le,Q (2709) chess24.com INT 2021}) 15.
d4 Na5 16. Bd2 Nc4 17. cxb4 exd4 18. Nxd4 d5 (18... Nxb2 {is more complex.} 19.
Qf3 c5 20. Qb3 Nxa4 21. Ndf5 g6) 19. Bc3 {Threatening b3.} Bxb4 {[#] Hoping
for ...Nxb2!} 20. exd5 Bxc3 21. bxc3 Rxe1+ 22. Qxe1 Nb6 23. Nc6 (23. Qe2 $16)
23... Bxc6 $11 24. dxc6 Nbd5 25. Bd3 Rb6 26. Qd2 Qe8 27. Re1 (27. Bc4 $5 {
[%cal Rc4d5]} Qxc6 {[#]} 28. a5 $1 $14) 27... Qxc6 {The position is equal.} 28.
c4 Nb4 29. Bb1 {Threatening mate with Qd8+.} Rb8 30. Nf5 Qxc4 31. Nxh6+ gxh6
32. Qxh6 {White threatens Qg5+ and mate.} Nbd5 {Threatens to win with ...Qf4.}
33. Qg5+ Kf8 34. Qh6+ Kg8 35. Qg5+ Kf8 {aiming for ...Qf4.} 36. Qh6+ {Weighted
Error Value: White=0.09/Black=0.05} 1/2-1/2

[Event "FIDE Chesscom Grand Swiss 2021"]
[Site "Riga"]
[Date "2021.11.06"]
[Round "10.9"]
[White "Dubov, Daniil"]
[Black "Kryvoruchko, Yuriy"]
[Result "1/2-1/2"]
[WhiteElo "2714"]
[BlackElo "2686"]
[Annotator "TA"]
[PlyCount "64"]
[EventDate "2021.10.27"]
[EventType "swiss"]
[EventCountry "LAT"]
[Tiebreak "Cut1 Buchholz+Sonneborn-Berger (Swiss)"]
[SourceTitle "playchess.com"]
[Source "ChessBase"]
[SourceQuality "1"]

{[%evp 13,64,10,2,3,25,0,0,10,4,8,4,0,21,14,25,-10,8,11,9,0,0,0,0,0,8,8,5,4,4,
4,1,1,3,2,1,0,0,0,4,4,8,8,8,8,8,16,80,3,4,4,5,0,0]} 1. d4 Nf6 2. c4 e6 3. Nf3
d5 4. g3 Be7 5. Bg2 O-O 6. O-O dxc4 7. Qc2 b5 8. a4 {E05: Open Catalan: 5 Nf3
Be7.} b4 9. Nbd2 Bb7 10. Nxc4 c5 11. dxc5 Be4 12. Qd2 Bxc5 13. Nfe5 Bxg2 14.
Kxg2 Nbd7 15. Nxd7 Nxd7 {[#]} 16. Rd1 $146 ({Predecessor:} 16. b3 Nb6 17. Qxd8
Rfxd8 18. Nxb6 Bxb6 19. a5 Bd4 20. Ra4 a6 21. Rxb4 Bc3 22. Rc4 Bxa5 {1/2-1/2 
(32) Dubov,D (2690)-Nakamura,H (2761) Moscow 2019}) 16... Nb6 17. Qxd8 Rfxd8
18. Nxb6 Bxb6 19. Bf4 f6 20. Rxd8+ Rxd8 $11 {[%mdl 4096] Endgame KRB-KRB} 21.
a5 Bd4 22. Rd1 e5 23. Be3 Rd5 24. Bxd4 exd4 {KR-KR} 25. a6 Kf7 26. Rc1 {
Threatens to win with Rc7+.} d3 27. exd3 Rxd3 28. Rc7+ {[%mdl 64] Double Attack
} Kg6 $1 29. Rxa7 Rd2 $1 {[#]} 30. Rb7 ({White should play} 30. Kf3 $1 $16)
30... Rxb2 {The position is equal.} 31. a7 Ra2 32. Rxb4 {aiming for Rb7.} Rxa7
{Weighted Error Value: White=0.06/Black=0.02} 1/2-1/2

[Event "FIDE Chesscom Grand Swiss 2021"]
[Site "Riga"]
[Date "2021.11.06"]
[Round "10.10"]
[White "Keymer, Vincent"]
[Black "Alekseenko, Kirill"]
[Result "1-0"]
[WhiteElo "2630"]
[BlackElo "2710"]
[Annotator "TA"]
[PlyCount "51"]
[EventDate "2021.10.27"]
[EventType "swiss"]
[EventCountry "LAT"]
[Tiebreak "Cut1 Buchholz+Sonneborn-Berger (Swiss)"]
[SourceTitle "playchess.com"]
[Source "ChessBase"]
[SourceQuality "1"]

{[%evp 11,51,7,16,19,24,21,29,12,37,11,25,11,11,14,34,33,30,34,44,33,43,30,65,
66,93,17,133,125,244,234,244,252,549,531,629,612,602,607,663,608,714,677]} 1.
d4 Nf6 2. c4 e6 3. Nf3 d5 4. Nc3 Bb4 5. Qa4+ Nc6 6. e3 O-O 7. Qc2 {D38:
Queen's Gambit Declined: Ragozin Defence (4 Nf3 Bb4).} Re8 8. Bd2 h6 9. Rd1 {
White has an edge.} (9. a3 $5 {[%cal Ra3b4]} Bf8 10. Be2 $14) 9... Bf8 {[#]}
10. Be2 $146 ({Predecessor:} 10. Bc1 a6 11. b3 Qe7 12. Bb2 dxc4 13. Bxc4 b5 14.
Be2 Bb7 15. O-O e5 16. Nxe5 Nxe5 17. dxe5 Qxe5 {1-0 (22) Weichselbaumer,
E-Benkner,O Saarbruecken 1950}) 10... a6 11. a3 dxc4 12. Bxc4 b5 13. Bd3 Bb7
14. Ne4 Nd7 15. Ng3 Ne7 16. b4 f5 17. O-O Nf6 18. Rfe1 ({White should try} 18.
Ne5 $16) 18... Nc8 (18... Bxf3 $11 19. gxf3 Ng6) 19. Ne5 Bd6 (19... h5 $16 {
keeps fighting.} 20. f3 Nd6) 20. e4 $18 fxe4 21. Nxe4 Bxe5 $2 (21... Bxe4 22.
Bxe4 Nxe4) 22. dxe5 {White is clearly winning.} Nxe4 23. Bxe4 Bxe4 24. Rxe4 h5
{[#]} 25. Bh6 $1 {[%mdl 512]} Qe7 {[#]} (25... Nd6 26. Re3) 26. Re3 $1 {
Weighted Error Value: White=0.12/Black=0.47} 1-0

[Event "FIDE Chesscom Grand Swiss 2021"]
[Site "Riga"]
[Date "2021.11.06"]
[Round "10.11"]
[White "Fedoseev, Vladimir"]
[Black "Nihal Sarin"]
[Result "1/2-1/2"]
[WhiteElo "2704"]
[BlackElo "2652"]
[Annotator "TA"]
[PlyCount "59"]
[EventDate "2021.10.27"]
[EventType "swiss"]
[EventCountry "LAT"]
[Tiebreak "Cut1 Buchholz+Sonneborn-Berger (Swiss)"]
[SourceTitle "playchess.com"]
[Source "ChessBase"]
[SourceQuality "1"]

{[%evp 9,59,0,4,18,16,8,22,17,10,14,19,10,25,10,11,29,21,14,22,22,22,14,22,15,
34,29,33,28,42,0,0,0,0,0,0,0,26,0,16,0,0,0,0,0,0,0,0,0,0,0,-9,-1]} 1. e4 e5 2.
Nf3 Nf6 3. Nxe5 d6 4. Nd3 Nxe4 5. Nf4 Nf6 6. d4 {[#] C42: Petroff Defence: 3
Nxe5 and unusual White 3rd moves.} d5 $146 ({Predecessor:} 6... Be7 7. Nc3 a6
8. Be3 d5 9. Be2 Bb4 10. O-O Bxc3 11. bxc3 Ne4 12. Qe1 Bf5 {0-1 (44) Stinkova,
A-Zimmermann,L Klatovy 2013}) 7. Bd3 Be7 8. h3 O-O 9. O-O Re8 10. Be3 Nc6 {
[%cal Bb8c6,Bc6e7,Be7g6,Bg6f8][%mdl 32]} 11. c3 Bd6 12. Qf3 Ne7 13. Nd2 c6 14.
Rfe1 Ng6 15. Nh5 Nxh5 16. Qxh5 Bd7 17. Nf3 {[#] aiming for Ng5.} Nf8 18. Bd2 f6
19. c4 Be6 20. c5 Bc7 21. Nh4 Qd7 22. Qf3 Bf7 23. Nf5 (23. Be3 {looks sharper.}
b6 24. b4 a5 25. a3 Ne6 26. Nf5) 23... Bg6 {The position is equal.} 24. h4 Bxf5
25. Bxf5 Qf7 26. h5 g6 27. hxg6 hxg6 28. Qg4 Qg7 29. Be6+ Rxe6 30. Rxe6 {
Weighted Error Value: White=0.04/Black=0.03} 1/2-1/2

[Event "FIDE Chesscom Grand Swiss 2021"]
[Site "Riga"]
[Date "2021.11.06"]
[Round "10.12"]
[White "Maghsoodloo, Parham"]
[Black "Deac, Bogdan-Daniel"]
[Result "0-1"]
[WhiteElo "2701"]
[BlackElo "2643"]
[Annotator "TA"]
[PlyCount "102"]
[EventDate "2021.10.27"]
[EventType "swiss"]
[EventCountry "LAT"]
[Tiebreak "Cut1 Buchholz+Sonneborn-Berger (Swiss)"]
[SourceTitle "playchess.com"]
[Source "ChessBase"]
[SourceQuality "1"]

{[%evp 11,102,10,27,28,16,16,14,-9,-7,0,-28,-22,-11,-7,0,6,18,16,2,10,10,0,0,
-24,-9,-8,-12,-34,-11,-28,-25,-24,0,0,0,-41,-49,-50,-52,-48,-44,-77,-64,-129,
-81,-125,-99,-153,-152,-150,-104,-100,-96,-139,-125,-130,-115,-124,-110,-122,
-78,-85,-10,-35,-10,-9,-8,-23,-28,-279,-279,-270,-246,-470,-456,-893,-706,
-2595,-2027,-1730,-1798,-1910,-1895,-29973,-29975,-29973,-29972,-29975,-29976,
-29937,-6041,-4134,-1754]} 1. c4 e6 2. Nc3 c5 3. Nf3 Nf6 4. d4 cxd4 5. Nxd4 Nc6
6. a3 Bc5 7. Nb3 {A33: Symmetrical English: 2 Nf3 Nf6 3 d4 cxd4 4 Nxd4 e6 5
Nc3 Nc6.} Bb6 8. c5 Bc7 9. Nb5 {The position is equal.} O-O 10. Nxc7 Qxc7 11.
g3 a5 {[#]} 12. Bg2 $146 ({Predecessor:} 12. Bf4 e5 13. Bg5 Ne4 14. Be3 a4 15.
Nd2 Qa5 16. Bg2 Nxc5 17. O-O Qb5 18. Bxc5 Qxc5 {1-0 (38) Fries,F (2170)-Fink,C
(2146) Germany 2015}) 12... a4 13. Nd4 Qe5 14. Be3 Ng4 15. Nxc6 dxc6 16. Qd4
Qf5 17. Be4 Qh5 18. h3 {[#]} e5 $1 19. Qd3 (19. Qc3 Nxe3) 19... Nxe3 20. Qxe3
f5 21. Bd3 Re8 22. O-O-O Qf7 23. Kb1 Qb3 24. Bc2 Qxe3 25. fxe3 Ra5 26. Rc1 Be6
27. h4 (27. g4 $15) 27... g6 28. h5 Kg7 29. Rh4 (29. e4 $142) 29... Rxc5 $17
30. Rxa4 Re7 ({Don't do} 30... gxh5 31. Rh4 $15) 31. hxg6 hxg6 32. Rh1 Rc4 33.
Kc1 Kf6 34. Rxc4 Bxc4 {[%mdl 4096] Endgame KRB-KRB} 35. Kd2 Rd7+ 36. Ke1 Kg5 ({
Black should try} 36... Bd5 $17 37. Rh4 e4) 37. e4 $11 f4 38. gxf4+ Kxf4 39.
Rg1 g5 40. e3+ $2 {[%mdl 8192] Now White is beyond hope.} (40. Rf1+ $1 $11 {
and White is okay.} Kg4 41. Rh1) 40... Kxe3 $19 41. Rxg5 {[#]} Be2 $1 42. Rg1
$2 (42. b4) 42... Bf3 {( -> ...Rd2)} 43. Rf1 (43. Rg3 $142 Rh7 44. Rg1) 43...
c5 44. a4 c4 45. a5 Rd6 46. Rf2 Ra6 47. b4 cxb3 48. Bxb3 Rxa5 49. Bd1 Bxd1 50.
Re2+ Kf3 (50... Kf4 $142 51. Rb2 Bf3 52. Kd2 Bxe4 53. Rb6 Ra2+ 54. Kc1 Ra1+ 55.
Kd2 Bc6 56. Kc3 e4 57. Rb4 Kf3 58. Rb3 e3 59. Kd4 Rd1+ 60. Kc5 Kf2 61. Rb2+ e2
62. Kb4 Kf1 63. Rxe2 Kxe2 64. Kc5 Re1 65. Kd4 Kd2 66. Kc4 b6 67. Kb3 Re3+ 68.
Kc4 Kc2 69. Kb4 Re4+ 70. Ka3 Ra4#) 51. Rb2 Ba4 {Weighted Error Value: White=0.
68/Black=0.19} 0-1

[Event "FIDE Chesscom Grand Swiss 2021"]
[Site "Riga"]
[Date "2021.11.06"]
[Round "10.13"]
[White "Artemiev, Vladislav"]
[Black "Petrosyan, Manuel"]
[Result "1/2-1/2"]
[WhiteElo "2699"]
[BlackElo "2605"]
[Annotator "TA"]
[PlyCount "105"]
[EventDate "2021.10.27"]
[EventType "swiss"]
[EventCountry "LAT"]
[Tiebreak "Cut1 Buchholz+Sonneborn-Berger (Swiss)"]
[SourceTitle "playchess.com"]
[Source "ChessBase"]
[SourceQuality "1"]

{[%evp 10,105,5,5,5,6,10,17,16,7,10,9,14,8,13,8,11,13,22,15,24,22,20,12,14,6,
24,0,0,0,0,-19,-19,-14,-12,-17,-6,-6,-13,-6,-6,-6,-8,-10,0,0,13,0,25,25,73,19,
16,8,7,7,24,0,0,0,0,0,0,0,0,0,0,0,0,0,8,8,8,8,8,8,8,8,8,8,16,0,8,0,0,-8,-8,-8,
-8,-8,-8,-8,-8,-8,-8,-8,-8,-8]} 1. e4 e5 2. Nf3 Nc6 3. Bc4 Bc5 4. O-O Nf6 5. d3
d6 6. c3 a5 {C54: Giuoco Piano: 4 c3 Nf6, main lines with 5 d4 and 5 d3.} 7.
Re1 O-O 8. h3 h6 9. Nbd2 a4 10. Bb5 Bd7 11. Nf1 Ne7 12. Bxd7 Qxd7 13. d4 exd4
14. cxd4 Bb4 15. Bd2 Bxd2 {[#]} 16. N3xd2 $146 ({Predecessor:} 16. Qxd2 d5 17.
e5 Ne4 18. Qc2 a3 19. b3 f5 20. exf6 Rxf6 21. Ne5 Qd6 22. f3 Ng5 23. Ng3 Ne6
24. Rad1 Re8 {1/2-1/2 (24) Salati,P (2318)-Jensen,B (2301) ICCF email 2019})
16... b5 17. Ng3 c5 18. e5 dxe5 19. dxc5 Rad8 20. Nde4 Nxe4 21. Nxe4 Qc6 22.
Qf3 Rd4 23. Rad1 Rfd8 24. Nd6 Qxf3 25. gxf3 {[#] Threatens to win with Rxd4.}
Rxd1 26. Rxd1 $11 {[%mdl 4096] Endgame KRN-KRN} Nc6 27. Kg2 f5 28. Re1 b4 29.
h4 g5 30. hxg5 (30. h5 $16) 30... hxg5 31. Rh1 Nd4 32. Rc1 {Black should
prevent c6.} Nc6 33. Kf1 Kh7 {The position is equal.} 34. a3 {axb4 is the
strong threat.} Rb8 35. Rc4 Kg6 36. axb4 Rxb4 37. Rxb4 Nxb4 {KN-KN} 38. Nc4 Kf6
39. Nb6 e4 40. fxe4 fxe4 41. Nxa4 Ke5 42. Nc3 Kd4 {[#]} 43. Na2 $1 Nc6 ({Not} 
43... Nxa2 $2 44. c6 $18) ({Avoid the trap} 43... Kxc5 $2 44. Nxb4 Kxb4 45. Ke2
$18) (43... Nd5 44. c6) 44. b4 Kd3 45. Kg2 Kc4 46. Kh3 Ne5 47. Kg3 Kb3 48. b5
Kxa2 49. c6 Nc4 50. Kg4 Kb3 51. c7 Nb6 52. Kf5 Kc4 53. Kxe4 {Weighted Error
Value: White=0.06/Black=0.03} 1/2-1/2